书目信息 |
| 题名: |
多维视角下的英语语言学研究
|
|
| 作者: | 邹艳 著 | |
| 分册: | ||
| 出版信息: | 北京 中国纺织出版社 2019.06 |
|
| 页数: | 207页 | |
| 开本: | 26cm | |
| 丛书名: | ||
| 单 册: | ||
| 中图分类: | H31 | |
| 科图分类: | ||
| 主题词: | 英语--ying yu--语言学--研究 | |
| 电子资源: | ||
| ISBN: | 978-7-5180-5828-0 | |
| 000 | 00934nam0 2200253 450 | |
| 001 | CAL 0120192813229 | |
| 005 | 20190805121512.5 | |
| 010 | @a978-7-5180-5828-0@dCNY45.00 | |
| 100 | @a20190805d2019 em y0chiy50 ea | |
| 101 | 0 | @achi@aeng |
| 102 | @aCN@b110000 | |
| 105 | @ak a 000yy | |
| 106 | @ar | |
| 200 | 1 | @a多维视角下的英语语言学研究@Aduo wei shi jiao xia de ying yu yu yan xue yan jiu@f邹艳著@Fzou yan zhu |
| 210 | @a北京@c中国纺织出版社@d2019.06 | |
| 215 | @a207页@d26cm | |
| 320 | @a有书目 (第206-207页) | |
| 330 | @a本书分为七章, 分别是: 语言学综述 ; 微光语言学理论研究 ; 社会语言学研究 ; 语言与文化研究 ; 认知语言学研究 ; 应用语言学与英语教学 ; 计算机语言学研究, 主要内容包括: 语言学概述 ; 语言学分类 ; 现代语言学理论与流派等。 | |
| 586 | @a | |
| 606 | 0 | @a英语@Aying yu@x语言学@x研究 |
| 690 | @aH31@v5 | |
| 701 | 0 | @a邹艳@Azou yan@4著 |
| 801 | 0 | @aCN@c20190805 |
| 905 | @a河南城建学院图书馆@dH31@eZ973@f2 | |
| 多维视角下的英语语言学研究/邹艳著.-北京:中国纺织出版社,2019.06 |
| 207页;26cm |
| ISBN 978-7-5180-5828-0:CNY45.00 |
| 本书分为七章, 分别是: 语言学综述 ; 微光语言学理论研究 ; 社会语言学研究 ; 语言与文化研究 ; 认知语言学研究 ; 应用语言学与英语教学 ; 计算机语言学研究, 主要内容包括: 语言学概述 ; 语言学分类 ; 现代语言学理论与流派等。 |
| ● |
| 相关链接 |
|
|
|
正题名:多维视角下的英语语言学研究
索取号:H31/Z973
 
预约/预借
| 序号 | 登录号 | 条形码 | 馆藏地/架位号 | 状态 | 备注 |
| 1 | 1414668 | 214146681 | 语言库209/209语言库 91排4列6层/ [索取号:H31/Z973] | 在馆 | |
| 2 | 1414669 | 214146690 | 语言库209/209语言库 91排4列6层/ [索取号:H31/Z973] | 在馆 |